[Event "Issykkul op"]
[Site "Korumdu"]
[Date "2023.07.17"]
[Round "7"]
[White "Zheenbekov, Nurgazi"]
[Black "Gleizerov, Evgeny"]
[Result "1/2-1/2"]
[WhiteElo "2026"]
[BlackElo "2409"]
[PlyCount "172"]
[EventDate "2023.07.12"]
[EventType "swiss"]
[EventRounds "10"]
[EventCountry "KGZ"]
[SourceTitle "CBM 215 Extra"]
[Source "ChessBase"]
[SourceDate "2023.09.30"]
[SourceVersion "1"]
[SourceVersionDate "2023.09.30"]
[SourceQuality "1"]

1. d4 e6 2. c4 f5 3. g3 Nf6 4. Bg2 d5 5. Nc3 c6 6. Nh3 Bd6 7. 0-0 0-0 8. Qc2 Na6 9. a3 Bd7 10. b3 Qe7 11. b4 dxc4 12. e4 fxe4 13. Nxe4 b5 14. Nxd6 Qxd6 15. Bf4 Qe7 16. Rfe1 Rac8 17. Ng5 Nc7 18. Bh3 Ncd5 19. Be5 Rfe8 20. Re2 h6 21. Nf3 Qf7 22. Rae1 Qh5 23. Bg2 Red8 24. h3 Qf5 25. Qc1 Be8 26. Bxf6 Nxf6 27. Rxe6 Bf7 28. R6e5 Qd7 29. Re7 Qd6 30. Rxa7 Rc7 31. Rxc7 Qxc7 32. Ne5 Bd5 33. Ng6 Bxg2 34. Kxg2 Qd7 35. Qf4 Re8 36. Re5 Kh7 37. Rxe8 Qxe8 38. Ne5 Qe6 39. Qf3 Nd5 40. h4 Ne7 41. Kg1 Qf5 42. Kg2 Kg8 43. g4 Qe6 44. h5 Nd5 45. Ng6 Nf6 46. Ne5 Nd5 47. Kf1 c3 48. Ng6 Nf6 49. Qxc3 Qxg4 50. Qb3+ Kh7 51. Nf8+ Kh8 52. Ng6+ Kh7 53. Nf8+ Kh8 54. Ng6+ Kh7 55. Qd3 Kg8 56. Ne7+ Kf8 57. Nxc6 Qxh5 58. Ne5 Nd5 59. Qf3+ Qxf3 60. Nxf3 Nc3 61. Nd2 Ke7 62. f3 Ke6 63. Kf2 h5 64. Ke3 Kf5 65. Ne4 Nd5+ 66. Kf2 Kf4 67. Ng3 g6 68. Ne2+ Kf5 69. Ng3+ Kf4 70. Ne2+ Kf5 71. Ng3+ Ke6 72. Ne4 h4 73. Kg1 Nc7 74. Nc3 Kf5 75. Kf2 g5 76. a4 bxa4 77. Nxa4 Nb5 78. d5 Ke5 79. Nc5 Kxd5 80. Ne4 Kc4 81. Nxg5 Kxb4 82. Kg2 Kc4 83. Kh3 Kd5 84. Kxh4 Ke5 85. Kg4 Nd4 86. f4+ Kf6 1/2-1/2

[Event "Titled Tuesday intern op 11th Jul Early"]
[Site "Chess.com INT"]
[Date "2023.07.11"]
[Round "1"]
[White "Preotu, Razvan"]
[Black "Zheenbekov, Nurgazi"]
[Result "1-0"]
[WhiteElo "2481"]
[BlackElo "2026"]
[PlyCount "111"]
[EventDate "2023.07.11"]
[EventType "swiss (blitz)"]
[EventRounds "11"]
[EventCountry "USA"]
[SourceTitle "EXT 2024"]
[Source "ChessBase"]
[SourceDate "2023.10.10"]
[SourceVersion "1"]
[SourceVersionDate "2023.10.10"]
[SourceQuality "1"]

1. e4 e5 2. Nf3 Nc6 3. Bc4 Nf6 4. d3 Be7 5. 0-0 0-0 6. Re1 d6 7. a4 a6 8. c3 h6 9. h3 Be6 10. Nbd2 Re8 11. Bxe6 fxe6 12. b4 Rf8 13. Nb3 Qe8 14. Be3 Nh5 15. b5 Nb8 16. Rb1 axb5 17. axb5 Nd7 18. d4 Nf4 19. Bxf4 Rxf4 20. Nbd2 Qg6 21. Qb3 Raf8 22. Kh1 Kh8 23. Ra1 Qh5 24. Qxe6 Qe8 25. Ra7 R4f6 26. Qc4 Nb6 27. Qxc7 Bd8 28. Qxb7 R6f7 29. Qa6 Rxa7 30. Qxa7 Qxb5 31. Rb1 Qc6 32. dxe5 dxe5 33. Nxe5 Qe6 34. Ndf3 Kg8 35. Qb7 Re8 36. Qc6 Qxc6 37. Nxc6 Bc7 38. e5 Nc4 39. Rb7 Bxe5 40. Nfxe5 Nxe5 41. Nxe5 Rxe5 42. Rc7 Re2 43. f3 Rc2 44. Kh2 Kf8 45. Kg3 Rc1 46. h4 Rc2 47. h5 Kg8 48. c4 Kf8 49. c5 Kg8 50. c6 Kh7 51. Rc8 Rc5 52. c7 Rc6 53. Kf4 Rc5 54. g4 g6 55. hxg6+ Kxg6 56. Rg8+ 1-0